Statistiques concernant Liste des jeux Ratchet and Clank

Cliquez ici pour prendre le quiz!

Statistiques générales

  • Ce quiz a été pris 13 fois
  • Le résultat moyen est 8 sur 17

Statistiques - réponses

AnnéeJeu% Correct
2002Ratchet and Clank
82%
2003Ratchet and Clank 2
73%
2016Ratchet and Clank (2016)
73%
2004Ratchet and Clank 3
73%
2012Ratchet and Clank Trilogy
73%
2011Ratchet and Clank: All 4 One
64%
2007Ratchet and Clank: Opération Destruction
64%
2009Ratchet and Clank: A Crack in Time
55%
2013Ratchet and Clank: Nexus
45%
2021Ratchet and Clank: Rift Apart
45%
2005Ratchet: Gladiator
45%
2007Ratchet and Clank: La taille ça compte
36%
2012Ratchet and Clank: Q-Force
36%
2008Secret Agent Clank
36%
2008Ratchet and Clank: Quest for Booty
27%
2013Ratchet and Clank: Before the Nexus
9%
2005Ratchet and Clank: Going Battle
9%

Distribution des résultats

Percentile par nombre de réponses

% des personnes avec chaque résultat

Votre développement - résultats

Vous n’avez pas pris ce quiz